000
00281nam a22001217a 4500
008
181101b xxu||||| |||| 00| 0 eng d
041
_a
eng
080
_a
821
100
_a
23
101
_a
GJU
245
_a
Dos Donts Maybes Of English Usage
_c
Bernstein.TH.M
942
_2
udc
_c
BK
999
_c
51550
_d
51550